000 00540nam a2200181Ia 4500
001 11224
005 20260306161930.0
008 260306t2017||||xx |||||||||||||| ||spa||
041 _aESP
082 _a985.019
_bM61N
100 _aMinisterio de Cultura del Perú
_eAUT
245 0 _aNuevas tendencias en el estudio de los caminos:
_bConferencia Internacional en el Ministerio de Cultura, 26 y 27 de junio de 2014
260 _c2017
300 _a465 páginas :
_c25 cm.
650 _aGEN
654 _aCHU
942 _cLIB
_dJUS
_fJUS
_2ddc
_n
999 _c11224
_d11224